000 00439nam a2200157Ia 4500
003 GCL
008 140319s9999 xx 000 0 eng d
040 _aGCL /
_cGCL
082 0 4 _a574.19285
_bG C
100 1 _aGUZMAN, NARBERTO A.
245 1 0 _aCAPILLARY ELECTROPHORESIS TECHNOLOGY /
_cGUZMAN, NARBERTO A.
260 _a[S.N] :
_bMarcel Dekker, inc. ،
_c1993
300 _a857
650 0 4 _aCOOPILLARY ELECTROPHONESIS
942 _2ddc
_cBK
999 _c11439
_d11439